[Event "Sachsen-Anhalt Landesliga A 18/19"]
[Site "Sachsen Anhalt"]
[Date "2018.11.25"]
[Round "4.1"]
[White "Schumacher, Maik"]
[Black "Wiesemann, Gerd"]
[Result "1/2-1/2"]
[WhiteElo "1829"]
[BlackElo "1960"]
[PlyCount "135"]
[EventDate "2018.09.23"]
[EventType "team-tourn"]
[EventRounds "9"]
[EventCountry "GER"]
[SourceTitle "EXT 2022"]
[Source "ChessBase"]
[SourceDate "2021.10.06"]
[SourceVersion "1"]
[SourceVersionDate "2021.10.06"]
[SourceQuality "1"]
[WhiteTeam "Gardelegen"]
[BlackTeam "Tangerhuette Eintracht"]
[WhiteTeamCountry "GER"]
[BlackTeamCountry "GER"]

1. d4 d5 2. c4 e6 3. Nc3 c6 4. Bf4 dxc4 5. a4 Bb4 6. e3 b5 7. Be2 Nf6 8. Nf3 a6 9. 0-0 Bb7 10. Qc2 Nbd7 11. Rfd1 Nd5 12. Bg3 Nxc3 13. bxc3 Be7 14. Rab1 Ra7 15. e4 Nb6 16. Nd2 0-0 17. f3 Nxa4 18. Nxc4 Nb6 19. Na5 Ba8 20. Be1 Qb8 21. c4 Rd8 22. c5 Nd7 23. Nc4 Nf6 24. Bg3 Qc8 25. Nb6 Qb7 26. Kf1 Nh5 27. Bf2 Nf4 28. Bg3 Nxe2 29. Qxe2 a5 30. Qb2 Qa6 31. Kg1 b4 32. Ra1 Qb5 33. Na4 Bb7 34. Qb3 Ba6 35. Nb2 Qb7 36. Bf2 Bb5 37. Na4 Bxa4 38. Rxa4 Qb5 39. Rda1 Rda8 40. g4 g6 41. Kg2 e5 42. Rd1 exd4 43. Bxd4 Rd8 44. Bf2 Rad7 45. Rxd7 Rxd7 46. Ra2 Rd3 47. Qb1 Rd7 48. Qb3 Bf6 49. h4 Rd3 50. Qb1 Bd4 51. Rxa5 Qxa5 52. Qxd3 Bxf2 53. Kxf2 Qxc5+ 54. Kg3 Qe5+ 55. Kg2 c5 56. g5 Kg7 57. Qb5 h6 58. gxh6+ Kxh6 59. Qd3 Qd4 60. Qb5 Qe5 61. Qd3 Kh5 62. Qd7 Qf4 63. Qd8 Qxh4 64. Qh8+ Kg5 65. Qe5+ f5 66. Qe7+ Kh5 67. Qh7+ Kg5 68. Qe7+ 1/2-1/2